[Event "MPA 1580 2024"]
[Site "Sianozety"]
[Date "2024.04.12"]
[Round "1.1"]
[White "Jaworski, Mariusz"]
[Black "Krzeszowiec, Wojciech"]
[Result "1/2-1/2"]
[BlackElo "1580"]
[WhiteElo "1460"]
[LiveChessVersion "1.4.4"]

1. c4 {[%clk 1:30:57]} f5 {[%clk 1:30:49]} 2. Nf3 {[%clk 1:30:52]} Nf6
{[%clk 1:31:09]} 3. g3 {[%clk 1:30:57]} g6 {[%clk 1:31:26]} 4. Bg2
{[%clk 1:31:18]} Bg7 {[%clk 1:31:41]} 5. Nc3 {[%clk 1:31:37]} d6 {[%clk 1:32:06]}
6. d4 {[%clk 1:31:23]} O-O {[%clk 1:32:16]} 7. O-O {[%clk 1:31:37]} e6
{[%clk 1:32:11]} 8. Bf4 {[%clk 1:27:41]} h6 {[%clk 1:26:52]} 9. h4
{[%clk 1:25:44]} Nh5 {[%clk 1:19:50]} 10. Qd2 {[%clk 1:21:11]} Nxf4
{[%clk 1:19:25]} 11. Qxf4 {[%clk 1:21:24]} Nc6 {[%clk 1:14:28]} 12. Qd2
{[%clk 1:20:11]} e5 {[%clk 1:07:26]} 13. e3 {[%clk 1:17:03]} e4 {[%clk 1:07:19]}
14. Nh2 {[%clk 1:17:24]} Ne7 {[%clk 0:57:03]} 15. f3 {[%clk 1:17:06]} exf3
{[%clk 0:55:38]} 16. Bxf3 {[%clk 1:17:24]} c6 {[%clk 0:53:52]} 17. b4
{[%clk 1:15:26]} d5 {[%clk 0:49:33]} 18. c5 {[%clk 1:15:13]} Qc7 {[%clk 0:46:29]}
19. Kg2 {[%clk 1:12:44]} Be6 {[%clk 0:45:48]} 20. Rfb1 {[%clk 1:11:33]} Kh7
{[%clk 0:45:24]} 21. a4 {[%clk 1:11:10]} Ng8 {[%clk 0:45:21]} 22. b5
{[%clk 1:10:48]} Nf6 {[%clk 0:42:44]} 23. a5 {[%clk 1:10:48]} Ne4
{[%clk 0:35:12]} 24. Bxe4 {[%clk 1:10:47]} fxe4 {[%clk 0:35:25]} 25. b6
{[%clk 1:10:14]} axb6 26. axb6 Qd7 {[%clk 0:32:30]} 27. Ra7 {[%clk 1:08:13]} Bh3+
{[%clk 0:31:29]} 28. Kg1 {[%clk 1:06:50]} Rab8 {[%clk 0:29:57]} 29. Qe2
{[%clk 1:04:14]} Bf6 {[%clk 0:25:32]} 30. Nd1 {[%clk 1:04:07]} Be6
{[%clk 0:21:57]} 31. Nf2 {[%clk 1:03:37]} Qg7 {[%clk 0:21:35]} 32. Rb4
{[%clk 1:00:36]} h5 {[%clk 0:21:37]} 33. Nh1 {[%clk 0:59:41]} Be7
{[%clk 0:21:24]} 34. Nf2 {[%clk 0:59:09]} Qf7 {[%clk 0:20:21]} 35. Kg2
{[%clk 0:59:05]} g5 {[%clk 0:18:29]} 36. hxg5 {[%clk 0:58:56]} Bxg5
{[%clk 0:18:39]} 37. Rb1 {[%clk 0:58:21]} Kg6 {[%clk 0:17:08]} 38. Rf1
{[%clk 0:58:14]} Qg7 {[%clk 0:16:56]} 39. Rh1 1/2-1/2

[Event "MPA 1580 2024"]
[Site "Sianozety"]
[Date "2024.04.12"]
[Round "1.2"]
[White "Uniwersal, Robert"]
[Black "Glaz, Marek"]
[Result "1-0"]
[BlackElo "1456"]
[WhiteElo "1578"]
[LiveChessVersion "1.4.4"]

1. d4 {[%clk 1:30:53]} d5 {[%clk 1:30:53]} 2. c4 {[%clk 1:31:17]} c6
{[%clk 1:31:20]} 3. cxd5 {[%clk 1:31:22]} cxd5 {[%clk 1:31:34]} 4. Nc3
{[%clk 1:31:35]} Nf6 {[%clk 1:31:53]} 5. Bg5 {[%clk 1:31:09]} e6 {[%clk 1:31:06]}
6. e3 {[%clk 1:29:57]} Be7 {[%clk 1:30:43]} 7. Bd3 {[%clk 1:30:00]} Nc6 8. Nf3
{[%clk 1:27:53]} h6 {[%clk 1:28:04]} 9. Bh4 {[%clk 1:27:54]} O-O {[%clk 1:28:28]}
10. Qe2 {[%clk 1:18:11]} a6 {[%clk 1:26:17]} 11. a3 {[%clk 1:15:48]} b5
{[%clk 1:26:28]} 12. Nd2 {[%clk 1:09:21]} Na5 {[%clk 1:24:36]} 13. f4
{[%clk 1:03:31]} Bb7 {[%clk 1:20:22]} 14. Rg1 {[%clk 0:56:59]} Ne8
{[%clk 1:15:17]} 15. Bxe7 {[%clk 0:55:21]} Qxe7 {[%clk 1:15:44]} 16. g4
{[%clk 0:53:08]} Qh4+ {[%clk 1:06:51]} 17. Rg3 {[%clk 0:52:14]} Nc4
{[%clk 0:56:05]} 18. Nf3 {[%clk 0:47:34]} Qe7 {[%clk 0:56:28]} 19. g5
{[%clk 0:39:41]} h5 {[%clk 0:53:10]} 20. Nh4 {[%clk 0:34:31]} Ncd6
{[%clk 0:29:11]} 21. Qxh5 {[%clk 0:29:35]} Ne4 {[%clk 0:29:35]} 22. Bxe4
{[%clk 0:29:10]} dxe4 {[%clk 0:29:57]} 23. Rh3 {[%clk 0:20:32]} g6
{[%clk 0:28:30]} 24. Qh6 {[%clk 0:20:12]} f5 {[%clk 0:21:28]} 25. Nxg6
{[%clk 0:17:51]} Qg7 {[%clk 0:21:25]} 26. Nxf8 {[%clk 0:16:47]} Kxf8
{[%clk 0:20:44]} 27. Qxe6 {[%clk 0:16:15]} Bc8 {[%clk 0:19:22]} 28. Qh6
{[%clk 0:16:17]} Ra7 {[%clk 0:18:26]} 29. Qxg7+ {[%clk 0:14:30]} Kxg7
{[%clk 0:18:40]} 30. Rh6 {[%clk 0:14:23]} Rd7 {[%clk 0:18:31]} 31. Rc1
{[%clk 0:14:24]} Bb7 {[%clk 0:16:56]} 32. h4 {[%clk 0:11:26]} Nd6
{[%clk 0:17:20]} 33. b3 {[%clk 0:11:22]} Bc6 {[%clk 0:15:17]} 34. a4
{[%clk 0:10:20]} b4 35. Na2 {[%clk 0:09:32]} Bd5 {[%clk 0:15:48]} 36. Nxb4
{[%clk 0:09:02]} Bxb3 {[%clk 0:16:15]} 37. Nxa6 {[%clk 0:08:52]} Nc4
{[%clk 0:15:50]} 38. Nc5 {[%clk 0:08:20]} Nb2 {[%clk 0:15:51]} 39. Nxd7
{[%clk 0:08:18]} Nd3+ {[%clk 0:16:11]} 40. Kd2 {[%clk 0:08:20]} Nxc1
{[%clk 0:16:25]} 41. Kxc1 {[%clk 0:08:05]} Bxa4 {[%clk 0:16:53]} 42. Ne5
{[%clk 0:08:12]} 1-0

[Event "MPA 1580 2024"]
[Site "Sianozety"]
[Date "2024.04.12"]
[Round "1.3"]
[White "Toczynska, Natalia"]
[Black "Chacinski-Osorio, Fabian"]
[Result "1/2-1/2"]
[BlackElo "1575"]
[WhiteElo "1453"]
[LiveChessVersion "1.4.4"]

1. d4 {[%clk 1:30:57]} Nf6 {[%clk 1:30:52]} 2. Nf3 {[%clk 1:31:15]} e6
{[%clk 1:31:16]} 3. e3 {[%clk 1:31:38]} d5 {[%clk 1:29:43]} 4. Nbd2
{[%clk 1:31:12]} c5 {[%clk 1:29:58]} 5. c4 {[%clk 1:31:32]} Nc6 {[%clk 1:30:06]}
6. cxd5 exd5 {[%clk 1:29:07]} 7. Bb5 {[%clk 1:28:10]} Qb6 {[%clk 1:25:22]} 8.
Bxc6+ {[%clk 1:26:35]} bxc6 {[%clk 1:25:44]} 9. O-O Bd6 10. Qc2 {[%clk 1:21:56]}
O-O {[%clk 1:18:09]} 11. b3 cxd4 {[%clk 1:07:36]} 12. exd4 {[%clk 1:19:43]} Re8
{[%clk 1:01:48]} 13. Bb2 {[%clk 1:13:32]} Bd7 14. Ne5 {[%clk 1:11:59]} Qc7
{[%clk 0:53:58]} 15. Ndf3 {[%clk 1:05:42]} Rac8 {[%clk 0:48:18]} 16. Rfe1
{[%clk 1:04:47]} Ne4 {[%clk 0:48:32]} 17. Nxd7 {[%clk 1:04:13]} Qxd7
{[%clk 0:41:40]} 18. Ne5 {[%clk 1:02:58]} Qc7 {[%clk 0:40:21]} 19. f3
{[%clk 1:02:18]} Bxe5 {[%clk 0:39:26]} 20. dxe5 {[%clk 1:01:40]} Qb6+
{[%clk 0:38:15]} 21. Kf1 {[%clk 0:59:27]} Ng5 {[%clk 0:36:52]} 22. Qc3
{[%clk 0:55:44]} Ne6 {[%clk 0:35:12]} 23. Red1 {[%clk 0:53:55]} d4
{[%clk 0:34:09]} 24. Qc4 {[%clk 0:53:06]} c5 {[%clk 0:28:54]} 25. Rac1
{[%clk 0:51:39]} a6 26. f4 {[%clk 0:51:08]} Qb5 {[%clk 0:27:00]} 27. f5 Nf4 28.
Qxb5 {[%clk 0:50:36]} axb5 {[%clk 0:24:25]} 29. g3 {[%clk 0:50:31]} Nd5
{[%clk 0:24:33]} 30. Kf2 {[%clk 0:48:48]} Ne3 31. Re1 {[%clk 0:47:20]} Nxf5
{[%clk 0:22:40]} 32. a4 {[%clk 0:47:35]} bxa4 33. bxa4 {[%clk 0:47:11]} Ne7
{[%clk 0:17:00]} 34. e6 {[%clk 0:47:12]} f6 35. Re2 {[%clk 0:47:17]} Ng6
{[%clk 0:15:28]} 36. Ba3 {[%clk 0:46:37]} Ne5 {[%clk 0:15:11]} 37. Rd2
{[%clk 0:46:18]} Rxe6 {[%clk 0:11:07]} 38. Rxc5 Ra8 {[%clk 0:07:56]} 39. Rxd4
{[%clk 0:46:18]} Rea6 {[%clk 0:08:16]} 40. Bb2 Rxa4 {[%clk 0:06:14]} 41. Rxa4
{[%clk 0:46:07]} Rxa4 {[%clk 0:06:37]} 42. Bxe5 {[%clk 0:46:27]} fxe5
{[%clk 0:06:53]} 43. Rxe5 Kf7 {[%clk 0:07:27]} 44. Kf3 {[%clk 0:46:35]} Kf6
{[%clk 0:07:33]} 45. Rh5 {[%clk 0:46:20]} h6 {[%clk 0:07:07]} 46. g4
{[%clk 0:46:18]} Kg6 47. h4 {[%clk 0:46:13]} Ra3+ {[%clk 0:07:26]} 48. Kg2 Kf6
{[%clk 0:06:40]} 49. Rf5+ {[%clk 0:46:09]} Ke6 {[%clk 0:06:41]} 50. Rh5
{[%clk 0:46:31]} Kf6 1/2-1/2

[Event "MPA 1580 2024"]
[Site "Sianozety"]
[Date "2024.04.12"]
[Round "1.4"]
[White "Dabek, Wieslaw"]
[Black "Zemla, Andrzej"]
[Result "1/2-1/2"]
[BlackElo "1453"]
[WhiteElo "1575"]
[LiveChessVersion "1.4.4"]

1. e4 {[%clk 1:30:53]} c6 {[%clk 1:30:58]} 2. c4 {[%clk 1:30:50]} d5
{[%clk 1:31:15]} 3. exd5 {[%clk 1:30:11]} cxd5 {[%clk 1:31:33]} 4. d4
{[%clk 1:29:17]} Nf6 {[%clk 1:30:40]} 5. c5 {[%clk 1:28:51]} a6 {[%clk 1:24:42]}
6. Bd3 {[%clk 1:29:06]} Nc6 {[%clk 1:24:59]} 7. Ne2 {[%clk 1:29:06]} e5
{[%clk 1:21:12]} 8. dxe5 {[%clk 1:28:38]} Nxe5 {[%clk 1:21:35]} 9. b4
{[%clk 1:25:58]} Nxd3+ {[%clk 1:19:01]} 10. Qxd3 {[%clk 1:26:18]} g6
{[%clk 1:19:14]} 11. Qe3+ {[%clk 1:17:42]} Be6 {[%clk 1:16:06]} 12. Nd4
{[%clk 1:14:53]} Ng4 {[%clk 1:03:39]} 13. Qe2 {[%clk 1:13:48]} Bg7
{[%clk 1:01:39]} 14. Nxe6 {[%clk 1:03:11]} fxe6 {[%clk 1:01:34]} 15. Bb2
{[%clk 1:03:16]} Bxb2 {[%clk 0:58:03]} 16. Qxb2 {[%clk 1:03:39]} Qf6
{[%clk 0:58:13]} 17. Qxf6 {[%clk 1:04:00]} Nxf6 18. Nd2 1/2-1/2

[Event "MPA 1580 2024"]
[Site "Sianozety"]
[Date "2024.04.12"]
[Round "1.5"]
[White "Kalka, Damian"]
[Black "Kuriata, Tomasz"]
[Result "0-1"]
[BlackElo "1572"]
[WhiteElo "1445"]
[LiveChessVersion "1.4.4"]

1. d4 {[%clk 1:30:57]} Nf6 {[%clk 1:30:44]} 2. Nc3 {[%clk 1:31:00]} e6
{[%clk 1:29:55]} 3. Bf4 {[%clk 1:31:03]} a6 {[%clk 1:29:42]} 4. e4
{[%clk 1:28:12]} Bb4 {[%clk 1:23:57]} 5. Bd3 {[%clk 1:15:20]} c5 {[%clk 1:19:22]}
6. Nf3 {[%clk 1:03:56]} Nc6 {[%clk 1:13:50]} 7. dxc5 {[%clk 0:53:18]} Qa5
{[%clk 1:11:49]} 8. Qd2 {[%clk 0:46:35]} Qxc5 {[%clk 1:11:32]} 9. O-O
{[%clk 0:44:57]} d5 {[%clk 1:07:42]} 10. exd5 {[%clk 0:24:43]} Nxd5
{[%clk 1:07:16]} 11. Be3 {[%clk 0:22:10]} Nxe3 {[%clk 0:59:51]} 12. Qxe3
{[%clk 0:18:05]} Qxe3 {[%clk 0:59:22]} 13. fxe3 {[%clk 0:18:25]} Bxc3
{[%clk 0:59:47]} 14. bxc3 {[%clk 0:18:37]} Ke7 {[%clk 0:52:29]} 15. Ng5
{[%clk 0:16:17]} f6 {[%clk 0:52:06]} 16. Nf3 {[%clk 0:15:10]} e5 {[%clk 0:50:40]}
17. e4 {[%clk 0:13:44]} Be6 {[%clk 0:50:07]} 18. a3 {[%clk 0:12:03]} Rhd8
{[%clk 0:48:11]} 19. Rab1 {[%clk 0:07:35]} b5 {[%clk 0:46:08]} 20. Nd2
{[%clk 0:06:12]} Na5 {[%clk 0:39:18]} 21. Rfd1 {[%clk 0:03:14]} Rac8
{[%clk 0:38:46]} 22. Rb2 {[%clk 0:00:37]} Rxc3 {[%clk 0:38:32]} 23. Kf2
{[%clk 0:00:32]} Rxa3 {[%clk 0:37:36]} 0-1

[Event "MPA 1580 2024"]
[Site "Sianozety"]
[Date "2024.04.12"]
[Round "1.6"]
[White "Adamowicz, Borys"]
[Black "Brzezinski, Piotr"]
[Result "1/2-1/2"]
[BlackElo "1425"]
[WhiteElo "1571"]
[LiveChessVersion "1.4.4"]

1. d4 {[%clk 1:30:55]} d5 {[%clk 1:30:48]} 2. c4 {[%clk 1:31:10]} c6
{[%clk 1:31:01]} 3. cxd5 {[%clk 1:30:52]} cxd5 {[%clk 1:30:50]} 4. Nc3
{[%clk 1:31:05]} Nf6 {[%clk 1:28:53]} 5. Bg5 {[%clk 1:29:21]} e6 {[%clk 1:27:44]}
6. Nf3 {[%clk 1:28:36]} Nc6 {[%clk 1:26:45]} 7. e3 {[%clk 1:27:51]} a6
{[%clk 1:27:00]} 8. a3 {[%clk 1:23:12]} Be7 {[%clk 1:26:34]} 9. Bd3
{[%clk 1:21:46]} Nd7 {[%clk 1:24:27]} 10. Bxe7 {[%clk 1:18:20]} Nxe7
{[%clk 1:24:08]} 11. O-O {[%clk 1:18:02]} Ng6 {[%clk 1:23:41]} 12. Rc1
{[%clk 1:12:29]} b5 {[%clk 1:23:27]} 13. e4 {[%clk 1:09:16]} dxe4
{[%clk 1:22:30]} 14. Bxe4 {[%clk 1:07:57]} Rb8 {[%clk 1:22:28]} 15. d5
{[%clk 0:56:34]} exd5 {[%clk 1:20:56]} 16. Nxd5 {[%clk 0:55:25]} O-O
{[%clk 1:20:00]} 17. Re1 {[%clk 0:33:57]} Nf6 {[%clk 1:19:38]} 18. Bxg6
{[%clk 0:19:10]} Qxd5 {[%clk 1:19:14]} 19. Qxd5 {[%clk 0:19:21]} Nxd5
{[%clk 1:18:56]} 20. Be4 {[%clk 0:19:39]} Bb7 {[%clk 1:16:14]} 21. Rcd1
{[%clk 0:16:15]} Nf6 {[%clk 1:16:36]} 22. Bxb7 {[%clk 0:16:15]} Rxb7
{[%clk 1:16:57]} 23. Rd6 {[%clk 0:16:27]} Ra8 {[%clk 1:15:25]} 24. Rc1
{[%clk 0:15:38]} h6 {[%clk 1:12:44]} 25. h3 {[%clk 0:13:39]} Re7 {[%clk 1:12:33]}
26. Rc2 {[%clk 0:12:45]} Raa7 {[%clk 1:08:53]} 27. Nd4 {[%clk 0:11:48]} Red7
{[%clk 1:09:01]} 28. Rxd7 {[%clk 0:11:30]} Rxd7 {[%clk 1:06:43]} 29. Nb3
{[%clk 0:11:52]} Nd5 {[%clk 1:03:36]} 30. Rc6 {[%clk 0:09:27]} Ra7
{[%clk 1:01:54]} 31. Nc5 {[%clk 0:08:28]} Rc7 {[%clk 1:01:32]} 32. Rxc7
{[%clk 0:08:39]} Nxc7 {[%clk 1:01:59]} 33. b4 {[%clk 0:08:57]} Kf8
{[%clk 1:01:09]} 34. Kf1 {[%clk 0:09:12]} Ke7 {[%clk 1:00:53]} 35. Ke2
{[%clk 0:09:33]} Kd6 {[%clk 0:59:58]} 36. Kd3 {[%clk 0:09:36]} 1/2-1/2

[Event "MPA 1580 2024"]
[Site "Sianozety"]
[Date "2024.04.12"]
[Round "1.7"]
[White "Toczynski, Patryk"]
[Black "Kuriata, Pawel"]
[Result "0-1"]
[BlackElo "1571"]
[WhiteElo "1413"]
[LiveChessVersion "1.4.4"]

1. d4 {[%clk 1:30:56]} d5 {[%clk 1:30:54]} 2. e3 {[%clk 1:31:15]} Bf5
{[%clk 1:30:04]} 3. Bd3 {[%clk 1:30:59]} Bxd3 {[%clk 1:29:39]} 4. Qxd3
{[%clk 1:31:16]} Nf6 {[%clk 1:28:42]} 5. Nd2 {[%clk 1:31:19]} e6 {[%clk 1:26:42]}
6. Qb5+ {[%clk 1:31:32]} Nbd7 {[%clk 1:25:36]} 7. Qxb7 {[%clk 1:31:49]} c5
{[%clk 1:22:38]} 8. c3 {[%clk 1:31:27]} Be7 {[%clk 1:19:34]} 9. e4
{[%clk 1:31:14]} O-O {[%clk 1:13:22]} 10. e5 {[%clk 1:31:06]} Ne8
{[%clk 1:12:37]} 11. Ne2 {[%clk 1:22:32]} f6 {[%clk 0:57:12]} 12. Nf3
{[%clk 1:21:46]} fxe5 {[%clk 0:55:20]} 13. Nxe5 {[%clk 1:20:40]} Nxe5
{[%clk 0:49:59]} 14. dxe5 {[%clk 1:20:45]} Nc7 {[%clk 0:44:27]} 15. Qb3
{[%clk 1:19:02]} Rb8 {[%clk 0:38:24]} 16. Qa4 {[%clk 1:18:35]} a6
{[%clk 0:35:34]} 17. Qg4 {[%clk 1:17:02]} Rf5 {[%clk 0:32:29]} 18. Bf4
{[%clk 1:13:49]} Rxb2 {[%clk 0:32:21]} 19. O-O {[%clk 1:13:57]} Rxe2
{[%clk 0:32:15]} 20. Qxe2 {[%clk 1:13:48]} Rxf4 {[%clk 0:32:35]} 21. Qe3
{[%clk 1:10:36]} Re4 {[%clk 0:32:28]} 22. Qg3 {[%clk 1:10:19]} Bh4
{[%clk 0:31:58]} 23. Qh3 {[%clk 1:08:39]} Rxe5 {[%clk 0:31:57]} 24. Rae1
{[%clk 1:08:45]} Bf6 {[%clk 0:31:18]} 25. Rxe5 {[%clk 1:08:48]} Bxe5
{[%clk 0:31:15]} 26. Re1 {[%clk 1:08:56]} Qf6 {[%clk 0:30:17]} 27. Re3
{[%clk 1:07:20]} d4 {[%clk 0:24:15]} 28. Rf3 {[%clk 1:06:20]} Qg6
{[%clk 0:24:19]} 29. Rd3 {[%clk 1:04:20]} Nd5 {[%clk 0:22:22]} 30. cxd4
{[%clk 1:03:42]} Nf4 {[%clk 0:20:32]} 31. Qf3 {[%clk 1:04:02]} Qxd3
{[%clk 0:20:20]} 32. Qxd3 {[%clk 1:02:18]} Nxd3 {[%clk 0:19:15]} 33. dxe5
{[%clk 1:02:40]} Nxe5 {[%clk 0:19:34]} 34. Kf1 {[%clk 1:02:32]} Kf7
{[%clk 0:19:45]} 35. Ke2 {[%clk 1:02:57]} Kf6 {[%clk 0:19:55]} 36. f4
{[%clk 1:03:16]} Nc6 {[%clk 0:19:59]} 37. a3 {[%clk 1:02:33]} e5 {[%clk 0:20:00]}
38. fxe5+ {[%clk 1:02:39]} Kxe5 {[%clk 0:20:28]} 39. Ke3 {[%clk 1:02:51]} g5
{[%clk 0:20:24]} 40. g3 {[%clk 1:02:43]} g4 {[%clk 0:20:36]} 41. Kd3
{[%clk 1:02:48]} Kd5 {[%clk 0:20:39]} 42. Ke3 {[%clk 1:00:57]} c4
{[%clk 0:20:44]} 43. Kf4 {[%clk 1:01:09]} Ne5 {[%clk 0:20:56]} 44. Ke3
{[%clk 1:01:11]} h5 {[%clk 0:21:08]} 45. Ke2 {[%clk 1:01:09]} Ke4
{[%clk 0:21:13]} 46. Kd2 {[%clk 1:00:13]} Nf3+ {[%clk 0:21:15]} 47. Kc3
{[%clk 1:00:27]} Kd5 {[%clk 0:21:23]} 48. a4 {[%clk 1:00:33]} a5 {[%clk 0:21:24]}
0-1

[Event "MPA 1580 2024"]
[Site "Sianozety"]
[Date "2024.04.12"]
[Round "1.8"]
[White "Krawczyk, Marcin"]
[Black "Karaszewski, Tomasz"]
[Result "1-0"]
[BlackElo "1408"]
[WhiteElo "1560"]
[LiveChessVersion "1.4.4"]

1. e4 {[%clk 1:30:57]} e5 {[%clk 1:30:50]} 2. Nf3 {[%clk 1:31:16]} Nc6
{[%clk 1:31:06]} 3. Bc4 {[%clk 1:31:37]} Bc5 {[%clk 1:31:18]} 4. b4
{[%clk 1:31:40]} Bxb4 {[%clk 1:30:45]} 5. c3 {[%clk 1:32:03]} Ba5
{[%clk 1:28:26]} 6. d4 {[%clk 1:31:23]} exd4 {[%clk 1:27:39]} 7. O-O
{[%clk 1:30:45]} dxc3 {[%clk 1:16:55]} 8. Qb3 {[%clk 1:30:29]} Qf6
{[%clk 0:52:11]} 9. Bg5 {[%clk 1:30:14]} Qg6 {[%clk 0:51:08]} 10. Nxc3
{[%clk 1:16:59]} Bxc3 {[%clk 0:44:55]} 11. Qxc3 {[%clk 1:17:17]} Nge7
{[%clk 0:43:19]} 12. Bxe7 {[%clk 1:05:54]} Nxe7 {[%clk 0:41:50]} 13. Ne5
{[%clk 1:04:30]} Qf6 {[%clk 0:30:34]} 14. Bxf7+ {[%clk 1:04:23]} Kd8
{[%clk 0:30:17]} 15. Bb3 {[%clk 0:38:54]} Rf8 {[%clk 0:29:32]} 16. Rac1
{[%clk 0:37:30]} c6 {[%clk 0:26:26]} 17. f4 {[%clk 0:36:04]} d6 {[%clk 0:24:02]}
18. Qd2 {[%clk 0:31:51]} Kc7 {[%clk 0:18:36]} 19. Nc4 {[%clk 0:30:02]} Rd8
{[%clk 0:15:02]} 20. e5 {[%clk 0:25:05]} dxe5 {[%clk 0:13:45]} 21. Qa5+
{[%clk 0:24:59]} b6 {[%clk 0:09:27]} 22. Nxb6 {[%clk 0:24:42]} axb6
{[%clk 0:09:33]} 23. Qxa8 {[%clk 0:25:03]} Bb7 {[%clk 0:05:10]} 24. Qa4
{[%clk 0:23:55]} Rd4 {[%clk 0:04:15]} 25. fxe5 {[%clk 0:22:38]} Qxe5
{[%clk 0:04:09]} 26. Rce1 {[%clk 0:21:21]} Qd6 {[%clk 0:03:36]} 27. Rxe7+
{[%clk 0:16:52]} Kd8 {[%clk 0:02:12]} 28. Rxb7 {[%clk 0:15:17]} Rxa4
{[%clk 0:01:58]} 29. Rf8+ {[%clk 0:14:56]} Qxf8 30. Rb8+ Ke7 {[%clk 0:01:48]} 31.
Rxf8 {[%clk 0:15:09]} Kxf8 {[%clk 0:02:10]} 32. Bxa4 {[%clk 0:15:33]} Ke7
{[%clk 0:02:24]} 33. Bxc6 {[%clk 0:15:52]} 1-0

[Event "MPA 1580 2024"]
[Site "Sianozety"]
[Date "2024.04.12"]
[Round "2.1"]
[White "Superson, Dawid"]
[Black "Uniwersal, Robert"]
[Result "1/2-1/2"]
[BlackElo "1578"]
[WhiteElo "1509"]
[LiveChessVersion "1.4.4"]

1. e4 {[%clk 1:30:58]} c5 {[%clk 1:30:50]} 2. c3 {[%clk 1:31:26]} Nf6
{[%clk 1:30:40]} 3. e5 {[%clk 1:31:55]} Nd5 {[%clk 1:30:49]} 4. d4
{[%clk 1:30:22]} cxd4 {[%clk 1:30:55]} 5. Nf3 {[%clk 1:30:09]} d6
{[%clk 1:27:59]} 6. cxd4 {[%clk 1:26:24]} dxe5 {[%clk 1:26:49]} 7. Nxe5
{[%clk 1:25:26]} e6 {[%clk 1:25:44]} 8. Bb5+ {[%clk 1:19:20]} Bd7
{[%clk 1:22:52]} 9. Qb3 {[%clk 1:09:21]} Qc7 {[%clk 1:17:21]} 10. O-O
{[%clk 1:06:32]} Nc6 {[%clk 1:12:10]} 11. Be3 {[%clk 1:01:32]} Bd6
{[%clk 1:05:15]} 12. Nxd7 {[%clk 0:53:10]} Qxd7 {[%clk 1:02:24]} 13. Nc3
{[%clk 0:52:57]} Nxc3 {[%clk 0:58:23]} 14. Qxc3 {[%clk 0:49:45]} O-O
{[%clk 0:54:13]} 15. Rac1 {[%clk 0:45:05]} Rfc8 {[%clk 0:52:56]} 16. g3
{[%clk 0:37:53]} a6 {[%clk 0:51:24]} 17. Ba4 {[%clk 0:36:53]} Be7
{[%clk 0:42:58]} 18. d5 {[%clk 0:26:29]} Qxd5 {[%clk 0:38:13]} 19. Bb3
{[%clk 0:24:43]} Qf5 {[%clk 0:32:02]} 20. Bc2 {[%clk 0:22:44]} Qf3
{[%clk 0:28:14]} 21. Bd3 {[%clk 0:19:09]} Bf6 {[%clk 0:27:25]} 22. Bd4
{[%clk 0:18:54]} Qd5 {[%clk 0:23:45]} 23. Bxf6 {[%clk 0:17:07]} gxf6
{[%clk 0:23:50]} 24. Rfd1 {[%clk 0:11:14]} Qg5 {[%clk 0:21:57]} 25. f4
{[%clk 0:10:26]} Qh6 {[%clk 0:19:58]} 26. Qb3 {[%clk 0:05:19]} Rab8
{[%clk 0:15:38]} 27. Be4 {[%clk 0:04:43]} Qf8 {[%clk 0:12:33]} 28. Rd7
{[%clk 0:03:42]} Na5 {[%clk 0:07:04]} 29. Rxc8 {[%clk 0:02:32]} Qxc8
{[%clk 0:06:19]} 30. Qd3 {[%clk 0:01:19]} Qc1+ {[%clk 0:05:21]} 31. Kg2
{[%clk 0:01:43]} Qxb2+ {[%clk 0:05:17]} 32. Kh3 {[%clk 0:01:52]} f5
{[%clk 0:05:32]} 33. Bf3 {[%clk 0:01:12]} Qxa2 {[%clk 0:03:51]} 34. Rd8+
{[%clk 0:00:40]} Rxd8 {[%clk 0:04:12]} 35. Qxd8+ {[%clk 0:01:09]} Kg7
{[%clk 0:04:28]} 36. Qg5+ {[%clk 0:01:37]} Kf8 {[%clk 0:04:32]} 37. Qd8+
{[%clk 0:01:57]} Kg7 {[%clk 0:04:31]} 38. Qg5+ {[%clk 0:01:41]} Kf8
{[%clk 0:04:34]} 39. Qd8+ {[%clk 0:01:50]} Kg7 {[%clk 0:04:54]} 40. Qg5+ 1/2-1/2

[Event "MPA 1580 2024"]
[Site "Sianozety"]
[Date "2024.04.12"]
[Round "2.2"]
[White "Kuriata, Tomasz"]
[Black "Augustyniak, Rafal"]
[Result "1-0"]
[BlackElo "1483"]
[WhiteElo "1572"]
[LiveChessVersion "1.4.4"]

1. Nf3 {[%clk 1:30:34]} Nf6 {[%clk 1:30:27]} 2. g3 {[%clk 1:30:52]} g6
{[%clk 1:30:45]} 3. Bg2 {[%clk 1:30:50]} Bg7 {[%clk 1:31:07]} 4. O-O
{[%clk 1:31:13]} c5 {[%clk 1:30:51]} 5. c4 {[%clk 1:31:03]} Nc6 {[%clk 1:31:10]}
6. Nc3 {[%clk 1:31:16]} O-O {[%clk 1:31:13]} 7. e4 {[%clk 1:28:44]} d6
{[%clk 1:25:57]} 8. d3 {[%clk 1:24:22]} Bg4 {[%clk 1:23:48]} 9. Be3
{[%clk 1:21:46]} Rb8 {[%clk 1:18:07]} 10. h3 {[%clk 1:18:40]} Bxf3
{[%clk 1:15:28]} 11. Qxf3 {[%clk 1:19:07]} Nd4 {[%clk 1:04:43]} 12. Qd1
{[%clk 1:19:03]} a6 {[%clk 1:03:07]} 13. a4 {[%clk 1:16:00]} Nd7 {[%clk 1:01:54]}
14. f4 {[%clk 1:05:35]} e6 {[%clk 0:59:35]} 15. Kh2 {[%clk 1:03:06]} b5
{[%clk 0:52:28]} 16. axb5 {[%clk 0:54:27]} axb5 {[%clk 0:52:41]} 17. Bxd4
{[%clk 0:54:31]} Bxd4 {[%clk 0:52:49]} 18. Nxb5 {[%clk 0:54:35]} Bxb2
{[%clk 0:50:58]} 19. Rb1 {[%clk 0:52:46]} Bd4 {[%clk 0:48:45]} 20. Nxd6
{[%clk 0:52:41]} Qa5 {[%clk 0:43:53]} 21. e5 {[%clk 0:49:16]} Rxb1
{[%clk 0:38:28]} 22. Qxb1 {[%clk 0:49:15]} Rb8 {[%clk 0:36:46]} 23. Nb5
{[%clk 0:49:16]} Rb6 {[%clk 0:36:07]} 24. Qc2 {[%clk 0:43:45]} Kg7
{[%clk 0:28:44]} 25. Rb1 {[%clk 0:38:23]} Nb8 {[%clk 0:20:55]} 26. Nxd4
{[%clk 0:35:32]} cxd4 {[%clk 0:20:53]} 27. Rxb6 {[%clk 0:33:56]} Qxb6
{[%clk 0:21:11]} 28. c5 {[%clk 0:33:15]} Qa6 {[%clk 0:19:40]} 29. c6
{[%clk 0:32:44]} Qc8 {[%clk 0:17:14]} 30. Qc4 {[%clk 0:29:17]} Qc7
{[%clk 0:16:18]} 31. Qc5 {[%clk 0:27:04]} Nxc6 {[%clk 0:12:33]} 32. Bxc6
{[%clk 0:26:49]} h5 {[%clk 0:12:28]} 33. Qd6 {[%clk 0:26:18]} Qb6
{[%clk 0:12:02]} 34. Bg2 {[%clk 0:25:50]} Qb2 {[%clk 0:12:19]} 35. Qc6
{[%clk 0:21:16]} Qf2 {[%clk 0:11:58]} 36. Qf3 {[%clk 0:20:42]} Qc2
{[%clk 0:12:09]} 37. h4 {[%clk 0:20:41]} Qd2 {[%clk 0:12:20]} 38. Kh3
{[%clk 0:20:36]} Kh6 {[%clk 0:12:40]} 39. Qf1 {[%clk 0:18:08]} Kh7
{[%clk 0:12:53]} 40. Be4 {[%clk 0:17:17]} Qe3 {[%clk 0:12:40]} 41. Qa1
{[%clk 0:15:06]} Qf2 {[%clk 0:12:55]} 42. Qa6 {[%clk 0:11:46]} Qf1+
{[%clk 0:12:40]} 43. Bg2 {[%clk 0:12:14]} Qf2 {[%clk 0:12:49]} 44. Qa7
{[%clk 0:11:47]} Kg7 {[%clk 0:13:00]} 45. Qb7 {[%clk 0:10:32]} Qe3
{[%clk 0:13:02]} 46. Qf3 {[%clk 0:10:58]} Qg1 {[%clk 0:12:27]} 47. g4
{[%clk 0:10:37]} hxg4+ {[%clk 0:12:19]} 48. Kxg4 {[%clk 0:10:46]} Qh2
{[%clk 0:09:45]} 49. Qf1 {[%clk 0:10:19]} g5 {[%clk 0:09:37]} 50. hxg5
{[%clk 0:09:24]} Qh7 {[%clk 0:09:19]} 51. Be4 {[%clk 0:09:22]} Qg8
{[%clk 0:09:04]} 52. Qh3 {[%clk 0:09:07]} f5+ {[%clk 0:09:12]} 53. exf6+
{[%clk 0:09:02]} Kf8 {[%clk 0:08:40]} 54. Qh6+ {[%clk 0:09:18]} Ke8
{[%clk 0:08:42]} 55. Qg7 {[%clk 0:09:24]} Qxg7 {[%clk 0:08:35]} 56. fxg7
{[%clk 0:09:51]} Kf7 {[%clk 0:09:02]} 57. f5 {[%clk 0:10:05]} Kxg7
{[%clk 0:09:15]} 58. fxe6 {[%clk 0:10:17]} Kf8 {[%clk 0:09:35]} 59. g6
{[%clk 0:10:25]} Kg7 {[%clk 0:09:40]} 60. e7 {[%clk 0:10:52]} Kh6
{[%clk 0:09:34]} 61. e8=Q {[%clk 0:10:58]} Kg7 {[%clk 0:09:51]} 62. Qf7+
{[%clk 0:11:17]} Kh6 {[%clk 0:10:19]} 63. Qh7# {[%clk 0:08:01]} 1-0